| 000 | 00642nmc a2200253 a 4500 | ||
|---|---|---|---|
| 003 | AR-BaBNM | ||
| 005 | 20251128211801.0 | ||
| 008 | 126020s2003 ||||||||||||||000 | spa|| | ||
| 020 | _a84-7986-535-0 | ||
| 040 | _cAR-BaBNM | ||
| 100 | 1 | _aGarcía Padilla, Manuel | |
| 245 | 1 | 0 | _aGlosario pedagógico |
| 260 |
_aValencia _bPromolibro _c2003 |
||
| 300 | 0 | _a228 p. | |
| 490 | 0 | _aRenovación pedagógica / Plus | |
| 650 | 4 | _aGLOSARIOS | |
| 650 | 4 | _aEDUCACION | |
| 650 | 4 | _aMATERIAL DE REFERENCIA | |
| 653 | 0 | _aPSICOPEDAGOGIA | |
| 655 | _aREFERENCIA | ||
| 800 | 1 | _aVallés Arándiga, Antonio | |
| 942 | _cBK | ||
| 998 | _cme-solo cat | ||
| 999 |
_c21099 _d21099 |
||